[Event "SVK-chT1E 2122"]
[Site "Slovakia"]
[Date "2022.04.24"]
[Round "9.8"]
[White "Magat, Jozef"]
[Black "Magda, Juraj"]
[Result "1-0"]
[WhiteElo "2030"]
[BlackElo "1278"]
[PlyCount "47"]
[EventDate "2022.01.29"]
[EventType "team-tourn"]
[EventRounds "11"]
[EventCountry "SVK"]
[SourceTitle "EXT 2023"]
[Source "ChessBase"]
[SourceDate "2022.10.05"]
[SourceVersion "1"]
[SourceVersionDate "2022.10.05"]
[SourceQuality "1"]
[WhiteTeam "Dunajov Inbest"]
[BlackTeam "Sabinov"]
[WhiteTeamCountry "SVK"]
[BlackTeamCountry "SVK"]

1. d4 Nf6 2. c4 g6 3. Nc3 Bg7 4. e4 d6 5. f4 Bg4 6. Be2 Bxe2 7. Qxe2 e6 8. Nf3 0-0 9. h3 c5 10. dxc5 dxc5 11. Be3 b6 12. e5 Nfd7 13. 0-0-0 Qe7 14. Rd6 Na6 15. Rhd1 Rfd8 16. Qd2 Nab8 17. g4 Bf8 18. Ne4 Bg7 19. g5 a6 20. Rxb6 Nxb6 21. Qxd8+ Qxd8 22. Rxd8+ Bf8 23. Bxc5 Nc6 24. Nf6+ 1-0